000 00984nam a2200241 a 4500
001 39225
003 BD-RjUL
005 20211209052939.0
008 160406s2015 bg ||||| |||| 001 0 ben d
020 _a9847000002532
_c: TK.700.00
035 _a(BD-RjUL)39337
040 _aBD-RjUL
_bben
_cBD-RjUL
041 _aben
082 _223
_a303.6230954
_bBAD 2015
100 _aবন্দ্যোপাধ্যায়, শৈলেশকুমার
_9120960
245 _aদাঙ্গার ইতিহাস /
_bশৈলেশকুমার বন্দ্যোপাধ্যায়
250 _aবর্ধিত ১ম বাংলাদেশ সং.
260 _aঢাকা :
_bজাতীয় সাহিত্য প্রকাশ,
_c২০১৫
300 _a[২০], ৪৬৮পৃ. ;
_c২২ সেমি.
650 _aদাঙ্গা
_vইতিহাস
_zভারত
_9133167
650 _aRiots
_vHistory
_zIndia
_9133168
942 _2ddc
_cBK
999 _c39225
_d39225